Logo Biblioteca

Cómo se hace una tesis : (Registro nro. 1049)

Detalles MARC
000 -LEADER
fixed length control field 02761cam a22002415a 4500
003 - CONTROL NUMBER IDENTIFIER
control field AR-RoUNCS
005 - DATE AND TIME OF LATEST TRANSACTION
control field 20260611155929.0
007 - PHYSICAL DESCRIPTION FIXED FIELD--GENERAL INFORMATION
fixed length control field ta
008 - FIXED-LENGTH DATA ELEMENTS--GENERAL INFORMATION
fixed length control field 060523s2001 sp |r 00| 0 spa d
020 ## - INTERNATIONAL STANDARD BOOK NUMBER
International Standard Book Number 8474328969
040 ## - CATALOGING SOURCE
Original cataloging agency AR-BaBN
Language of cataloging spa
Transcribing agency AR-RoUNCS
041 1# - LANGUAGE CODE
Language code of text/sound track or separate title spa
Language code of original ita
100 1# - MAIN ENTRY--PERSONAL NAME
Personal name Eco, Umberto,
Dates associated with a name 1932-2016
Relator term autor
245 10 - TITLE STATEMENT
Title Cómo se hace una tesis :
Remainder of title técnicas y procedimientos de estudio, investigación y escritura /
Statement of responsibility, etc. Umberto Eco.
250 ## - EDITION STATEMENT
Edition statement 1a ed.
260 ## - PUBLICATION, DISTRIBUTION, ETC.
Place of publication, distribution, etc. Barcelona :
Name of publisher, distributor, etc. Gedisa,
Date of publication, distribution, etc. 2001.
300 ## - PHYSICAL DESCRIPTION
Extent 233 p. ;
Dimensions 24 cm.
505 ## - FORMATTED CONTENTS NOTE
Formatted contents note 1. Qué es una tesis doctoral y para qué sirve -- 2. La elección del tema -- 3. La búsqueda del material -- 4. El plan de trabajo y las fichas -- 5. La redacción -- 6. La redacción definitiva -- 7. Conclusiones.
520 ## - SUMMARY, ETC.
Summary, etc. Ante la actual situación de masificación de nuestras universidades, Umberto Eco destina este libro sobre todo a los estudiantes con pocos recursos y apoyos, a los que viven lejos de los grandes centros urbanos con sus facilidades institucionales y a los que nadie les ha explicado como se busca un libro o un documento en bibliotecas y archivos. A pesar de desventajas personales, dice Umberto Eco, ´se puede hacer una tesis digna, aun hallándose en una situación difícil, causada por discriminaciones recientes o remotas. Se puede aprovechar la ocasión de la tesis (…) para recuperar el sentido positivo y progresivo del estudio, no entendido como una cosecha de nociones, sino como una elaboración critica de una experiencia, como adquisición de una capacidad buena para la vida futura para localizar los problemas, para afrontarlos con método, para exponerlos siguiendo ciertas técnicas de comunicación´. Los consejos de este libro se dirigen en primer lugar a los estudiantes de disciplinas humanísticas, incluyendo ciencias políticas y derecho. El propósito es ensenar como escoger un tema, organizar el tiempo, llevar a cabo una búsqueda bibliográfica y estructurar el trabajo elaborado. Se trata de un texto que sobrepasa la categoría de una simple instrucción técnica. Umberto Eco sabe motivar, logra transformar las angustias en tensión positiva, de manera que cualquier estudiante comenzara a sentirá inmediatamente confianza en sus posibilidades, con ganas de buscar, seguir pistas y descubrir algo que tal vez nadie había visto antes. Porque esta obra habla también de las propias experiencias de Umberto Eco cuando hizo su tesis sobre Estética medieval. Las referencias a sus tácticas como joven investigador, las advertencias contra los errores y falsas pistas tienen un carácter casi de suspense.
650 #7 - SUBJECT ADDED ENTRY--TOPICAL TERM
Topical term or geographic name entry element Investigación
General subdivision Metodología
Source of heading or term embne
650 #7 - SUBJECT ADDED ENTRY--TOPICAL TERM
Topical term or geographic name entry element Proyectos de investigación
Source of heading or term embne
942 ## - ADDED ENTRY ELEMENTS (KOHA)
Source of classification or shelving scheme Universal Decimal Classification
Koha item type Obra General
Suppress in OPAC No
Existencias
Withdrawn status Lost status Source of classification or shelving scheme Damaged status Not for loan Collection Home library Current library Date acquired Source of acquisition Total checkouts Full call number Barcode Date last seen Price effective from Koha item type
    Universal Decimal Classification     Colección General Biblioteca Escuela de Ciencias Sociales Biblioteca Escuela de Ciencias Sociales 11/06/2026 Donación 2023   001.81 Ec19 000396 11/06/2026 11/06/2026 Obra General
Biblioteca de la Escuela Preuniversitaria en Ciencias Sociales y Humanísticas.
Riobamba 250 bis.
CP 2000 - Rosario - Santa Fe
E-Mail: biblioteca@esociales.unr.edu.ar